01464nam a2200289 i 450000100060000000300090000600500170001500700030003200800410003508000150007610000400009124501990013125000170033026000610034730000750040853000350048359400460051859700310056465100360059571000450063185200510067685200660072785600890079399900170088295201360089995201390103534410ES-MaACL20251004063057.0t|030207s1887 sp ||||1| spa d a913(661.2)1 aBonelli, Emilio, d1854-192693010213aEl Sahara b: descripción geográfica, comercial y agrícola desde Cabo Bojador a Cabo Blanco, viajes al interior, habitantes del desierto y consideraciones generales / cpor Emilio Bonelli. aEd. oficial. aMadrid : b[s.n.], c1887 (fTip. de L. Péant e Hijos) aXVI, 232 p., [2] h. de lám., [4] h. pleg. de map. : bil. ; c23 cm. aDisponible en formato digital. aPrecede al tít.: Ministerio de Fomento. aCon autógrafo del autor. 4aSahara-xDescripción.91373771 aEspaña. bMinisterio de Fomento.93868 aES-MaACLjB-7987(6) z- Enc. con otras obras aES-MaACLjC-172 z- Legado Federico de Botella y de Hornos. uhttp://bdh-rd.bne.es/viewer.vm?id=0000090260&page=1 zBiblioteca Digital Hispánica c34410d34410 001040708Colección_digitalaATENEOMbATENEOMcSPALd2008-01-17eSCl0oC-172p1035891r2023-02-23 00:00:00w2023-02-23yMONANT 001040708Colección_digitalaATENEOMbATENEOMcSPBd2008-01-17eSCl0oB-7987(6)p1035890r2023-02-23 00:00:00w2023-02-23yMONANT